|
|
|
|
| LEADER |
02900nam a22004695i 4500 |
| 001 |
978-0-306-48539-8 |
| 003 |
DE-He213 |
| 005 |
20151204191132.0 |
| 007 |
cr nn 008mamaa |
| 008 |
100301s2006 xxu| s |||| 0|eng d |
| 020 |
|
|
|a 9780306485398
|9 978-0-306-48539-8
|
| 024 |
7 |
|
|a 10.1007/b110424
|2 doi
|
| 040 |
|
|
|d GrThAP
|
| 050 |
|
4 |
|a D1-DX301
|
| 072 |
|
7 |
|a HB
|2 bicssc
|
| 072 |
|
7 |
|a HBAH
|2 bicssc
|
| 072 |
|
7 |
|a HIS000000
|2 bisacsh
|
| 082 |
0 |
4 |
|a 900
|2 23
|
| 100 |
1 |
|
|a Lucas, Gavin.
|e author.
|
| 245 |
1 |
3 |
|a An Archaeology of Colonial Identity
|h [electronic resource] :
|b Power and Material Culture in the Dwars Valley, South Africa /
|c by Gavin Lucas.
|
| 264 |
|
1 |
|a Boston, MA :
|b Springer US,
|c 2006.
|
| 300 |
|
|
|a XI, 223 p.
|b online resource.
|
| 336 |
|
|
|a text
|b txt
|2 rdacontent
|
| 337 |
|
|
|a computer
|b c
|2 rdamedia
|
| 338 |
|
|
|a online resource
|b cr
|2 rdacarrier
|
| 347 |
|
|
|a text file
|b PDF
|2 rda
|
| 490 |
1 |
|
|a Contributions To Global Historical Archaeology,
|x 1574-0439
|
| 505 |
0 |
|
|a Working Contexts -- Introduction: Global Networks -- From Cambridge to Capetown: The Politics and Production of Knowledge -- Narrative Genres: The Textual and Visual Archive -- The Archaeology of Dutch Capitalism and the Colonial Trade -- The New Republic and the Dutch east India Company -- The Cape Colony, 1652-1975 - Goede Verwachting: The Silver Mine on the Simonsbert -- Landscapes of Labour -- The Role of Silver in the Indian Ocean Trade -- Status and Settlement in the Cape Colony -- The Settlement of the Southwestern Cape, 1657-1795 -- De Goede Hoop: Anatomy of a Settler Farm, 1688-1897 -- Consumption, Material Culture and Social Differentiation at the Cape in the 18th and 19th Centuries - Farm Lives -- Slavery at the Cape, 1652-1834 -- From Madagascar to the Dwars Valley: The World of Slaves -- Landscapes of Slavery -- Emancipation and the Pniel Mission Station -- Architecture and the Articulation of Post-Emancipation Identities -- From Emancipation to Apartheid: Pniel and the Dwars Valley in the 20th Century -- ERF 776: The Anatomy of a House Lot -- Apartheid and Identity -- Forging Identities -- Race, Class and Gender -- Questions of Identity and Culture -- The Nature of Colonial Space and the Development of Capitalism in the Indian Ocean -- Colonial Identity and Material Culture in the Metropole -- References - Index.
|
| 650 |
|
0 |
|a History.
|
| 650 |
|
0 |
|a Anthropology.
|
| 650 |
|
0 |
|a Archaeology.
|
| 650 |
1 |
4 |
|a History.
|
| 650 |
2 |
4 |
|a History, general.
|
| 650 |
2 |
4 |
|a Archaeology.
|
| 650 |
2 |
4 |
|a Anthropology.
|
| 710 |
2 |
|
|a SpringerLink (Online service)
|
| 773 |
0 |
|
|t Springer eBooks
|
| 776 |
0 |
8 |
|i Printed edition:
|z 9780306485381
|
| 830 |
|
0 |
|a Contributions To Global Historical Archaeology,
|x 1574-0439
|
| 856 |
4 |
0 |
|u http://dx.doi.org/10.1007/b110424
|z Full Text via HEAL-Link
|
| 912 |
|
|
|a ZDB-2-SHU
|
| 950 |
|
|
|a Humanities, Social Sciences and Law (Springer-11648)
|